Statistics for Jeopardy #8586

Click here to take the quiz!

General Stats

  • This quiz has been taken 56 times
  • The average score is 11 of 61

Answer Stats

CategoryCashClueAnswer% Correct
HOMOPHONE TO THE LETTER$1200The,en Españolel
83%
AMERICAN HISTORY$200During this period that began in 1920, keg parties weren't for drinking but for the dumping of liquorProhibition
83%
SMALL ADJECTIVES$200As an adjective it means lesser in importance; as a noun, it means a child not yet of legal ageminor
66%
SPORTS BY THEIR HONORS$400The Gold Glove & Silver Slugger Awards (both sound like it could be boxing, but it's not)baseball
62%
2-WORD BOOK TITLES$800Something is happening here in the barn in this 1945 anti-utopian satire but you don't know what it is, do you, Mr. Jones?Animal Farm
55%
SMALL ADJECTIVES$600Of limited breadth, like an alley you can barely pass through or a mind that won't admit new ideasnarrow
55%
2-WORD BOOK TITLES$200"'Oh no, he isn't grown up', Wendy assured her confidently, 'and he is just my size"'; "he" is also the title of the bookPeter Pan
55%
KICKIN' IT$200You want to cease a foul habit abruptly? Time to "kick it" this "fowl" waycold turkey
52%
SMALL ADJECTIVES$400In nursery rhyme land, it describes Willie Winkiewee
48%
SPORTS BY THEIR HONORS$1000The Ballon d'Orsoccer
45%
AMERICAN HISTORY$4005 years before his famous ride, Paul Revere made a print depicting this bloody March 5, 1770 eventthe Boston Massacre
45%
AMERICAN HISTORY$800The "separate but equal" doctrine in the case of plessy v. this judge upheld racial segregation for almost 60 yearsFerguson
41%
COLORS IN NATURE$800If it's red & it's a corundum, it's this gema ruby
38%
SMALL ADJECTIVES$800Physically similar to one of Santa's helperselfin
34%
THE PICKLE BARREL$400A basic recipe for pickles calls for a brine of equal parts water & this acidic liquid, along with salt & seasoningsvinegar
28%
2-WORD BOOK TITLES$1000Balnibarbi is a continent & Glumdalclitch, a person, in this 18th century workGulliver\'s Travels
24%
OLD SCHOOL$600Known for its work in medicine, this university dates back to 1876 & was originally in downtown BaltimoreJohns Hopkins
24%
AMERICAN HISTORY$600The tracks of the Central Pacific & this railroad met in Utah in 1869the Union Pacific
24%
KICKIN' IT$1000Dean Martin sang, "How lucky can one guy be? I kissed her & she kissed me, like the fella once said, ain't that" this?a kick in the head
21%
COLORS IN NATURE$1600This colorful Atlantic type of tuna is the largest type, weighing as much as 1,500 poundsbluefin
21%
COLORS IN NATURE$400Somewhere over in Australia is this variety of lorikeet, named for its array of colorsrainbow
21%
SPORTS BY THEIR HONORS$200The Naismith Awards(college) basketball
17%
KICKIN' IT$600During a 25-year NFL career, Morten Andersen missed just 10 of 859 of these kicks that follow a successful playan extra point
14%
SMALL ADJECTIVES$1000From a word meaning immeasurably big comes this adjective meaning immeasurably smallinfinitesimal
14%
OLD SCHOOL$200One of several of its colleges, Merton College was founded in 1264 without one Rhodes scholar (as that was a 1902 thing)Oxford
14%
AROUND THE WORLD$400Italy's longest river, the Po flows about 400 miles from the Alps into this arm of the Mediterraneanthe Adriatic
14%
AROUND THE WORLD$160011,200-foot Mount Koussi in northern Chad is the highest summit in this area of more than 3 million square milesthe Sahara Desert
14%
SPORTS BY THEIR HONORS$600The Slammy AwardsWWE
14%
THE PICKLE BARREL$800Musing on history, Ralph Waldo Emerson wondered why the New World must bear the name of this thieving pickle-dealer(Amerigo) Vespucci
10%
HOMOPHONE TO THE LETTER$400To exist, in the singularbe
10%
HOMOPHONE TO THE LETTER$2000Charles Kingsley wrote of "The Sands of" this English riverDee
10%
2-WORD BOOK TITLES$600In this William Goldman novel, a graduate student must flee a Nazi & his henchmenMarathon Man
10%
OLD SCHOOL$400Established in 1505, the university of this Spanish city now uses what was Europe's first tobacco factory as Carmen would knowSeville
10%
AMERICAN HISTORY$1000At the first Thanksgiving in 1621, the Pilgrims shared a feast with these native people of Massachusettsthe Wampanoag
10%
HOMOPHONE TO THE LETTER$16004-legged palindromic female flock memberewe
7%
OLD SCHOOL$800One of the 7 Sisters colleges, it was founded in 1879 as the Harvard AnnexRadcliffe
7%
HOMOPHONE TO THE LETTER$800To use your peeperssee
7%
BACKING BANDS$800Not exactly a stupid answer, this group originally known as the Hawks took some of "The Weight" off Dylan in the 1960sThe Band
7%
AROUND THE WORLD$800The flag of this Southeast Asian nation of 103 million is seen hereVietnam
7%
KICKIN' IT$800Also called mawashi geri, this "domicile" kick swings a leg in a semi-circular motion to strike with the foota roundhouse
3%
LETTERS FROM FAMOUS PEOPLE$400To his brother Orion, Mark Twain wrote of & employed a "new-fangled" one of these made by Remingtona typewriter
3%
BACKING BANDS$4002 saxophonists & a trombonist were some of the J.B.'s, who backed up this legend with the same initials(James) Brown
3%
OLD SCHOOL$10002 very different things, plexiglass & the artificial blood cell, were invented at this Montreal university founded in 1821McGill
3%
2-WORD BOOK TITLES$400Like the autobiographical hero of this novel, just after WWII William Styron was a young southerner living in BrooklynSophie\'s Choice
3%
THE PICKLE BARREL$2000In this Shakespeare play, Trinculo tells King Alonso, "I have been in such a pickle" (meaning drunk) "since I saw you last"The Tempest
3%
LETTERS FROM FAMOUS PEOPLE$1200This Irish poet's great love Maud Gonne addressed him in letters as "My dear Willie"William Butler Yeats
3%
LETTERS FROM FAMOUS PEOPLE$2000Georgia O'Keeffe wrote often to this photographer whom she called "Dearest Duck"Alfred Stieglitz
0%
COLORS IN NATURE$1200"Red touch yellow, kill a fellow", so stay clear of the eastern this venomous snake seen herean eastern coral snake
0%
KICKIN' IT$400A dance kick where you change legs in the air, or a swimming kick used as part of the sidestrokea scissors kick
0%
AROUND THE WORLD$1200Norway's main Antarctic research station bears the name of this mythic creature of Scandinavian folklorea troll
0%
AROUND THE WORLD$2000Founded around 636 A.D., Iraq's chief port city is this one at the southeast end of the countryBasra
0%
LETTERS FROM FAMOUS PEOPLE$1600"Never doubt the faithfullest heart", he wrote to his "Immortal Beloved" in an 1812 noteBeethoven
0%
BACKING BANDS$1200The Tennessee Three, the longtime backers for this man, famously went to prison with him in 1968Cash
0%
LETTERS FROM FAMOUS PEOPLE$800After introducing rude Charlotte Braun into his comic strip, he let one reader know by letter she wouldn't be around for longCharles Schulz
0%
THE PICKLE BARREL$1600The cute little pickles seen here go by this French name, meaning "little horns"cornichon
0%
BACKING BANDS$2000Stevie Ray Vaughan had this rhyming rhythm sectionDouble Trouble
0%
THE PICKLE BARREL$1200At the 1893 World's Fair, this pickle-maker from Pittsburgh offered souvenir pickle charms to those who visited his boothH.J. Heinz
0%
COLORS IN NATURE$2000"J" is for this tree that brings a burst of purple to the neighborhood but also a messjacaranda trees
0%
MODERN WARN/ACalled the longest siege of a capital in modern history, the assault on this city lasted from 1992 to 1996Sarajevo
0%
BACKING BANDS$1600Despite the name, this group that backed up Frank Zappa was made up of men, not momsthe Mothers of Invention
0%
SPORTS BY THEIR HONORS$800The Dinah Shore Trophy Award(women\'s college) golf
0%

Score Distribution

Percentile by Number Answered

Percent of People with Each Score

Your Score History

You have not taken this quiz